| 000 | 00839na a2200289 4500 | ||
|---|---|---|---|
| 001 | 12596 | ||
| 003 | MIRAKIL | ||
| 005 | 20181213154902.0 | ||
| 008 | 161026b tu 000 0 | ||
| 020 | _a 9751718139 | ||
| 035 | _a12596 | ||
| 040 |
_aMilas _btur _cTR-AnCHP |
||
| 041 | _atur | ||
| 082 |
_a306.0899435 _bT39t 1997 |
||
| 090 | _a306.0899435 T39t 1997 | ||
| 100 | _aTezcan, Mahmut | ||
| 245 |
_aTürk kişiliği ve kültür-kişilik ilişkileri _cMahmut Tezcan |
||
| 260 |
_aAnkara _bKültür Bakanlığı _c1997 |
||
| 300 |
_axiii, 290 s. _bres. _c19 sm. |
||
| 490 |
_aKültür Eserleri dizisi _v191 |
||
| 490 |
_aKültür Bakanlığı yayınları _v1970 |
||
| 504 | _aKaynakça var. | ||
| 650 |
_aUlusal kültür _zTürkiye |
||
| 650 |
_aTürkler _xAntropoloji |
||
| 650 |
_aTürkler _xPsikoloji |
||
| 942 |
_2ddc _cBKS |
||
| 999 |
_c2559 _d2559 |
||